[Event "Titled Tuesday intern op 17th Nov"]
[Site "Chess.com INT"]
[Date "2020.11.17"]
[Round "6"]
[White "Perdomo, Carlos Andres"]
[Black "Muradli, Mahammad"]
[Result "0-1"]
[WhiteElo "2301"]
[BlackElo "2449"]
[PlyCount "184"]
[EventDate "2020.11.17"]
[EventType "swiss (blitz)"]
[EventRounds "11"]
[EventCountry "USA"]
[SourceTitle "CBM 199 Extra"]
[Source "ChessBase"]
[SourceDate "2021.01.31"]
[SourceVersion "1"]
[SourceVersionDate "2021.01.31"]
[SourceQuality "1"]

1. c4 c5 2. Nc3 Nc6 3. Nf3 g6 4. d4 cxd4 5. Nxd4 Bg7 6. e3 d6 7. Be2 Bd7 8. 0-0 Nf6 9. b3 0-0 10. Bb2 a6 11. Rc1 Qa5 12. a3 Rfc8 13. b4 Qd8 14. Nd5 Nxd5 15. cxd5 Nxd4 16. Bxd4 Rxc1 17. Qxc1 Bxd4 18. exd4 Qb6 19. Qe3 Kf8 20. Re1 a5 21. b5 a4 22. h4 Re8 23. h5 Kg7 24. h6+ Kf8 25. Rc1 Rc8 26. Rxc8+ Bxc8 27. Qc3 Bd7 28. Qb4 Qc7 29. Bc4 Qb6 30. Be2 Qc7 31. Bc4 f6 32. Qxa4 Kf7 33. Qb4 b6 34. a4 Bf5 35. Bf1 Qc1 36. Qc4 Qxc4 37. Bxc4 Ke8 38. a5 bxa5 39. b6 Kd8 40. Bb5 Kc8 41. Bc6 Kb8 42. Kf1 Bc2 43. Ke1 a4 44. Kd2 Bb3 45. Kc3 Bd1 46. Kb4 g5 47. Bxa4 Bh5 48. Bc6 Bg6 49. g3 Bf5 50. Kc3 Bg6 51. Kd2 Kc8 52. Ke3 Kb8 53. f4 gxf4+ 54. Kxf4 Kc8 55. g4 Kb8 56. Ke3 Kc8 57. Kd2 Kb8 58. Ke3 Bb1 59. Kf4 Bg6 60. Bd7 Bf7 61. Bf5 Bg8 62. Bd7 Kb7 63. Bc6+ Kxb6 64. Kf5 Bf7 65. g5 fxg5 66. Kxg5 Kc7 67. Kf5 Kd8 68. Bb7 Kd7 69. Bc6+ Kc7 70. Kg5 Bg6 71. Kf4 Kb6 72. Bd7 Bf7 73. Be6 Bxe6 74. dxe6 Kb5 75. Ke4 Kc4 76. Ke3 Kd5 77. Kd3 Kxe6 78. Ke4 Kf6 79. Kd5 Kf5 80. Kc6 Ke6 81. Kc7 Kd5 82. Kd7 e5 83. dxe5 dxe5 84. Ke7 e4 85. Kf7 e3 86. Kg7 e2 87. Kxh7 e1Q 88. Kg7 Qe5+ 89. Kg8 Qg5+ 90. Kh7 Ke6 91. Kh8 Kf7 92. h7 Qd8# 0-1

[Event "Titled Tuesday intern op 17th Nov"]
[Site "Chess.com INT"]
[Date "2020.11.17"]
[Round "11"]
[White "Sliwicki, Damian"]
[Black "Perdomo, Carlos Andres"]
[Result "1-0"]
[WhiteElo "2169"]
[BlackElo "2301"]
[PlyCount "87"]
[EventDate "2020.11.17"]
[EventType "swiss (blitz)"]
[EventRounds "11"]
[EventCountry "USA"]
[SourceTitle "CBM 199 Extra"]
[Source "ChessBase"]
[SourceDate "2021.01.31"]
[SourceVersion "1"]
[SourceVersionDate "2021.01.31"]
[SourceQuality "1"]

1. e4 c5 2. Nf3 e6 3. d4 cxd4 4. Nxd4 a6 5. Nc3 d6 6. Nb3 Nf6 7. Bd3 Be7 8. 0-0 0-0 9. f4 b5 10. Qf3 Bb7 11. Qh3 b4 12. e5 g6 13. exf6 Bxf6 14. Ne4 Bxe4 15. Bxe4 d5 16. Bd3 a5 17. Be3 Bxb2 18. Rab1 Bg7 19. Nd4 Nd7 20. Nf3 Qc7 21. Kh1 Nc5 22. Bd4 Bxd4 23. Nxd4 Qe7 24. Nc6 Qf6 25. Ne5 Rfd8 26. Ng4 Qg7 27. Qh4 h5 28. Ne5 Nd7 29. Rbe1 Nf8 30. Rf3 Rac8 31. Rg3 Re8 32. Be2 Rxc2 33. Bxh5 Rxa2 34. Ng4 Nd7 35. Qg5 Ra1 36. Rge3 Rxe1+ 37. Rxe1 gxh5 38. Qxh5 Qg6 39. Qh4 Kg7 40. h3 Rh8 41. Qg3 f5 42. Rxe6 Qxe6 43. Ne5+ Kf6 44. Qg5# 1-0

[Event "Titled Tuesday intern op 10th Nov"]
[Site "Chess.com INT"]
[Date "2020.11.10"]
[Round "7"]
[White "Perdomo, Carlos Andres"]
[Black "Melian, Juan Sebastian"]
[Result "1-0"]
[WhiteElo "2301"]
[BlackElo "1950"]
[PlyCount "173"]
[EventDate "2020.11.10"]
[EventType "swiss (blitz)"]
[EventRounds "11"]
[EventCountry "USA"]
[SourceTitle "CBM 199 Extra"]
[Source "ChessBase"]
[SourceDate "2021.01.31"]
[SourceVersion "1"]
[SourceVersionDate "2021.01.31"]
[SourceQuality "1"]

1. c4 Nf6 2. Nc3 e6 3. d4 Bb4 4. Nf3 b6 5. e3 Bb7 6. Be2 0-0 7. 0-0 Bxc3 8. bxc3 Ne4 9. Qc2 d6 10. Nd2 f5 11. Bf3 Qh4 12. g3 Qf6 13. Nxe4 fxe4 14. Bxe4 Bxe4 15. Qxe4 Nd7 16. Bd2 Rfc8 17. Qc6 Nf8 18. a4 a5 19. f4 Qf5 20. e4 Qg4 21. Rf2 h5 22. e5 h4 23. Qf3 Qg6 24. f5 exf5 25. Qxf5 hxg3 26. hxg3 dxe5 27. Qxe5 Re8 28. Qd5+ Ne6 29. Kg2 c6 30. Qf5 Qxf5 31. Rxf5 g6 32. Re5 Nc7 33. Rae1 Kf7 34. Rxe8 Rxe8 35. Rxe8 Kxe8 36. Kf3 Kf7 37. Bf4 Ne6 38. Ke4 Kf6 39. Be5+ Ke7 40. g4 Kd7 41. Bf6 Nc7 42. d5 cxd5+ 43. cxd5 Ne8 44. Be5 Ke7 45. c4 Kd7 46. Kf4 Ke7 47. Kg5 Kf7 48. Kf4 Ke7 49. Ke4 Kd7 50. Bd4 Nd6+ 51. Kd3 Nc8 52. Ke4 Nd6+ 53. Kd3 Nc8 54. Be5 Ne7 55. Ke4 Nc8 56. Kf4 Ke7 57. Kg5 Kf7 58. Bd4 Nd6 59. c5 bxc5 60. Bxc5 Ne4+ 61. Kf4 Nxc5 62. Ke5 Ke7 63. d6+ Kd7 64. Kf6 Ne4+ 65. Kxg6 Kxd6 66. Kf5 Kd5 67. g5 Nd6+ 68. Kf6 Kc5 69. g6 Ne4+ 70. Ke5 Ng5 71. Kf5 Nf3 72. g7 Nh4+ 73. Kf6 Nf3 74. g8Q Nd4 75. Qb8 Nc6 76. Qc7 Kd5 77. Kf5 Nd4+ 78. Kg4 Nc6 79. Kf3 Kc5 80. Ke3 Kd5 81. Kd3 Ne5+ 82. Kc3 Nc6 83. Qc8 Kc5 84. Qf5+ Kd6 85. Kc4 Kc7 86. Kc5 Nd8 87. Qh7+ 1-0

[Event "Titled Tuesday intern op 27th Oct"]
[Site "Chess.com INT"]
[Date "2020.10.27"]
[Round "5"]
[White "Perdomo, Carlos Andres"]
[Black "Souza dos Santos, Matheus Garcett"]
[Result "1-0"]
[WhiteElo "2301"]
[BlackElo "1959"]
[PlyCount "65"]
[EventDate "2020.10.27"]
[EventType "swiss (blitz)"]
[EventRounds "11"]
[EventCountry "USA"]
[SourceTitle "CBM 199 Extra"]
[Source "ChessBase"]
[SourceDate "2021.01.31"]
[SourceVersion "1"]
[SourceVersionDate "2021.01.31"]
[SourceQuality "1"]

1. c4 Nf6 2. Nc3 g6 3. g3 Bg7 4. Bg2 d6 5. e3 0-0 6. Nge2 Nc6 7. d4 e5 8. 0-0 Qe7 9. Nd5 Nxd5 10. cxd5 Nd8 11. b4 Bg4 12. f3 Bd7 13. Bb2 Bb5 14. Re1 f5 15. dxe5 dxe5 16. Qb3 Kh8 17. Rac1 Bxe2 18. Rxe2 Nf7 19. Rec2 Rac8 20. b5 Nd6 21. Qa4 e4 22. f4 Bxb2 23. Rxb2 Qd7 24. Bf1 b6 25. Rbc2 Nb7 26. Qxa7 Nc5 27. Qa3 Qxd5 28. Qb2+ Kg8 29. Bc4 Qxc4 30. Rxc4 Nd3 31. Qb3 Nxc1 32. Rxc1+ Rf7 33. Qe6 1-0

[Event "Titled Tuesday intern op 27th Oct"]
[Site "Chess.com INT"]
[Date "2020.10.27"]
[Round "2"]
[White "Sarkar, Justin"]
[Black "Perdomo, Carlos Andres"]
[Result "0-1"]
[WhiteElo "2377"]
[BlackElo "2301"]
[PlyCount "118"]
[EventDate "2020.10.27"]
[EventType "swiss (blitz)"]
[EventRounds "11"]
[EventCountry "USA"]
[SourceTitle "CBM 199 Extra"]
[Source "ChessBase"]
[SourceDate "2021.01.31"]
[SourceVersion "1"]
[SourceVersionDate "2021.01.31"]
[SourceQuality "1"]

1. e4 c5 2. Nf3 e6 3. d4 cxd4 4. Nxd4 a6 5. c4 Qc7 6. Nc3 Nf6 7. Be2 d6 8. 0-0 Nbd7 9. f4 b6 10. b4 b5 11. Qb3 bxc4 12. Bxc4 Nb6 13. Bd3 Bb7 14. Be3 Ng4 15. Bd2 d5 16. Rac1 dxe4 17. Ncb5 Qd8 18. Nc7+ Ke7 19. Ncxe6 Qd5 20. Rc7+ Nd7 21. Qc3 fxe6 22. Bc4 Qd6 23. Bxe6 Rd8 24. Nf5+ Kxe6 25. Nxd6 Bxd6 26. Rxb7 Ngf6 27. Qc4+ Ke7 28. Be3 Rc8 29. Qxa6 Ra8 30. Qb5 Rxa2 31. Rd1 Rc8 32. Rxd7+ Nxd7 33. Bc5 Nxc5 34. bxc5 Rxc5 35. Qb7+ Bc7 36. Qxe4+ Kf7 37. Qd4 Bb6 38. Qd7+ Kf8 39. Kh1 Rac2 40. Qd6+ Kf7 41. Qxb6 Rc6 42. Qb7+ Kf6 43. Qb3 R2c3 44. Qb4 R3c4 45. Qd2 Re6 46. Qd3 Rce4 47. g3 Re3 48. Qd4+ Kf5 49. Qc5+ Kg4 50. Qg5+ Kf3 51. Qh5+ Kf2 52. Rd2+ Re2 53. Rxe2+ Rxe2 54. h4 Kf1 55. Qf3+ Ke1 56. Qc3+ Kf2 57. Qd4+ Kf3 58. Qd3+ Re3 59. Qxh7 Kf2 0-1